| 000 | 00969nam a2200265 a 4500 | ||
|---|---|---|---|
| 999 |
_c6393 _d6393 |
||
| 005 | 20180305144041.0 | ||
| 008 | 140128b2007 ck ||||| |||| 00| 0 spa d | ||
| 040 |
_aCO-BoIAVH _cCO-BoIAVH |
||
| 041 | _aspa | ||
| 044 | _ack | ||
| 090 |
_aFH _b04 |
||
| 100 | _aValderrama B., Mauricio | ||
| 245 |
_aProyecto Monitoreo Participativo _bpesca |
||
| 260 |
_aBogotá _bInstituto Alexander von Humboldt _bFundación Humedales _c2007 |
||
| 300 | _aPlegable | ||
| 520 | _aContiene información sobre el monitorero participativo, específicamente para el tema de pesca. Tienen objetivos, los aspectos a monitorear, indicadores y la metodología general | ||
| 650 | _aPlegable | ||
| 650 | _aPesca | ||
| 650 | _aProyecto monitoreo participativo | ||
| 650 | _aProyecto monitoreo participativo | ||
| 650 | _aProyecto monitoreo participativo | ||
| 700 | _aHernández B., Sandra | ||
| 942 |
_cFolleto _2z |
||
| 945 | _d2008-07-14 | ||